Países que más consumen pan - Estadísticas

Estadísticas generales
  • Esta prueba ha sido intentada 43 veces
  • La puntuación promedio es 14 de 20
Estadísticas de respuestas
Top Cantidad País % Correcto
20° 50 kg Francia
92%
18° 54 kg Rusia
92%
14° 57 kg Alemania
87%
17° 54 kg Suecia
82%
72 kg Argentina
77%
15° 55 kg Finlandia
74%
19° 52 kg Noruega
74%
70 kg Polonia
74%
10° 70 kg Grecia
72%
70 kg Portugal
72%
199.6 kg Turquia
72%
70 kg Dinamarca
69%
131.1 kg Bulgaria
67%
88 kg Ucrania
67%
12° 60 kg Hungria
62%
11° 68 kg Irlanda
56%
13° 60 kg Países Bajos
54%
135 kg Serbia
49%
16° 55 kg Luxemburgo
33%
74 kg Chipre
31%
No se encontraron pruebas coincidentes
Distribución de puntuación
Porcentaje de gente con cada puntuación
Porcentaje por número respondido
Historial de tus puntuaciones
No has intentado esta prueba.